01429nam a2200313Ia 450000500170000000800410001702000180005804000080007605000180008410000280010224500630013025000110019326000510020430000170025533700100027233800140028233900120029650001240030850000350043250502670046765000230073465000240075770000130078194200070079495200950080195200950089695201070099199900170109820231102151424.0121028s9999 xx 000 0 und d a968-15-0062-8 eRDA aLA21 P66 19861 aPONCE, Anibal 1898-193810aEducación y lucha de clasesc / Anibal Poncehmonografia a8a ed. aMéxico b: Editores Mexicanos Unidosc, 1986 a245 paginas. atexto asin medio avolumen aPlan Flexible Licenciatura Pedagogia / HISTORIA DE LA EDUCACIÓN I (B11) / Ejemplares 3: 14000394, 14000656. 14000667  aIncluye cronología del autor aNota de los editores Ponce Marxista 1. La educación en la comunidad primitiva 2. La educación del hombre antiguo. Primera parte: Esparta y Atenas 3. La educación del hombre antiguo: Segunda parte: Roma 4. La educación del hombre feudal 5. La educaci10aEDUCACION HISTORIA20aEDUCACION FILOSOFIA aI. t.Ì cLB 00104070a14b14d2007-09-11l0oLA21 P66 1986p14 000394r2012-10-28t1w2012-10-28yLB 00104070a14b14d2007-09-11l0oLA21 P66 1986p14 000656r2012-10-28t2w2012-10-28yLB 00104070a14b14d2007-09-11l2oLA21 P66 1986p14 000657r2019-08-29s2019-08-29t3w2012-10-28yLB c84658d84658